Estudios prehistóricos / (Record no. 166697)
[ view plain ]
| 000 -LEADER | |
|---|---|
| campo de control de longitud fija | 00815nam a2200193 i 4500 |
| 001 - NÚMERO DE CONTROL | |
| campo de control | 166697 |
| 003 - IDENTIFICADOR DE NÚMERO DE CONTROL | |
| campo de control | ES-MaACL |
| 005 - FECHA Y HORA DE LA ÚLTIMA TRANSACCIÓN | |
| campo de control | 20250806063135.0 |
| 008 - DATOS DE LONGITUD FIJA--INFORMACIÓN GENERAL | |
| campo de control de longitud fija | 950926s1868 sp |||| | spa d |
| 080 ## - NÚMERO DE LA CLASIFICACIÓN DECIMAL UNIVERSAL | |
| Número de la Clasificación Decimal Universal | 903 |
| 100 1# - ENTRADA PRINCIPAL--NOMBRE DE PERSONA | |
| Nombre de persona | Tubino, Francisco María, |
| Fechas asociadas al nombre | 1833-1888 |
| 9 (RLIN) | 111620 |
| 245 10 - MENCIÓN DEL TÍTULO | |
| Título | Estudios prehistóricos / |
| Mención de responsabilidad, etc. | por Francisco M. Tubino. |
| 260 ## - PUBLICACIÓN, DISTRIBUCIÓN, ETC. | |
| Lugar de publicación, distribución, etc. | Madrid : |
| Nombre del editor, distribuidor, etc. | Revista de Bellas Artes, |
| Fecha de publicación, distribución, etc. | 1868 ( |
| Lugar de fabricación/manufactura | Sevilla : |
| Fabricante | La Andalucia) |
| 300 ## - DESCRIPCIÓN FÍSICA | |
| Extensión | 128 p. ; |
| Dimensiones | 22 cm. |
| 650 #4 - PUNTO DE ACCESO ADICIONAL DE MATERIA--TÉRMINO DE MATERIA | |
| Término de materia o nombre geográfico como elemento de entrada | Prehistoria. |
| 9 (RLIN) | 16343 |
| 852 4# - LOCALIZACIÓN | |
| Ubicación | ES-MaACL |
| Número de control de estantería | T-114-F-1 |
| Nota libre | - Enc. hol. |
| -- | - Enc. en un vol. facticio |
| 852 4# - LOCALIZACIÓN | |
| Ubicación | ES-MaACL |
| Número de control de estantería | B-8926(5) |
| Nota libre | - Legado de Federico de Botella y de Hornos |
| -- | - Enc. en 1 v. facticio agrupado con el nombre en el lomo: España, geología, memorias y documentos varios 20 al 40 |
| Estatus retirado | Estado de pérdida | Estado de daño | No para préstamo | Colección | Biblioteca de origen | Biblioteca actual | Ubicación en estantería | Fecha de adquisición | Total de préstamos | Signatura topográfica completa | Código de barras | Visto por última vez | Precio de reemplazo | Tipo de ítem Koha | Fuente de adquisición |
|---|---|---|---|---|---|---|---|---|---|---|---|---|---|---|---|
| Colección de folletos | Biblioteca del Ateneo de Madrid | Biblioteca del Ateneo de Madrid | Depósito folletos | 17/01/2008 | T-114-F-1 | 1174830 | 23/02/2023 | 23/02/2023 | Folleto | ||||||
| Libros del s. XIX | Biblioteca del Ateneo de Madrid | Biblioteca del Ateneo de Madrid | Sala Pardo Bazán | 22/05/2019 | B-8926(5) | 1200570 | 23/02/2023 | 23/02/2023 | Libro impreso antiguo |
